Statistiques concernant Personnages historiques connus

Cliquez ici pour prendre le quiz!

Statistiques générales

  • Ce quiz a été pris 1 443 fois
    (1 163 depuis la dernière actualisation)
  • Le résultat moyen est 14 sur 25

Statistiques - réponses

IndicesRéponses% Correct
Dictateur de l’Allemagne lors de la deuxième guerre mondialeHitler
94%
Romain ayant vaincu les gaulois de -58 à -52César
92%
Artiste qui s'est coupé l'oreilleVan Gogh
88%
Chef de la france libreDe Gaulle
86%
Premier Président des États-UnisWashington
85%
Écrivain ayant écrit le tour du monde en 80 joursJules verne
82%
Pasteur militant pour le droit des noirsLuther-King
79%
Navigateur gênois qui a colonisé l'île d'HispaniolaColomb
78%
Libérateur de l'indeGandhi
75%
Premier Empereur de RomeOctave
64%
Empereur de macédoine et élève d'AristoteAlexandre le Grand
62%
Il a écrit MacbethShakespeare
62%
Artiste ayant peint la CèneDe Vinci
58%
Empereur mongol qui est né en 1162Gengis Khan
54%
Philosophe ayant écrit le banquetPlaton
53%
Philosophe chinois nommé premier éducateur chinoisConfucius
45%
Il a créé la religion anglicaneHenri VIII
36%
Artiste ayant créé la PietaMichel-Ange
36%
Reine d'espagne durant la découverte de l'AmériqueIsabelle I
32%
Stratège, orateur et homme d'état athénienPéricles
32%
Premier directeur du FBIHoover
24%
Empereur romain qui a promulgué l'édit de MilanConstantin I
18%
On le nomme Godfather of soulJames Brown
17%
Conquistador ayant conquis les IncasPizarro
15%
Premier Premier ministre du canadaMacdonald
4%

Distribution des résultats

Percentile par nombre de réponses

% des personnes avec chaque résultat

Votre développement - résultats

Vous n’avez pas pris ce quiz depuis la dernière actualisation